[Event "Wch Seniors 65 29th"]
[Site "Bucharest"]
[Date "2019.11.14"]
[Round "3"]
[White "Anguera Maestro, Jaime"]
[Black "Kertesz, Alfred"]
[Result "1/2-1/2"]
[WhiteElo "2024"]
[BlackElo "2226"]
[PlyCount "36"]
[EventDate "2019.11.12"]
[EventType "swiss"]
[EventRounds "11"]
[EventCountry "ROU"]
[SourceTitle "CBM 193 Extra"]
[Source "ChessBase"]
[SourceDate "2020.01.31"]
[SourceVersion "1"]
[SourceVersionDate "2020.01.31"]
[SourceQuality "1"]

1. d4 Nf6 2. Nf3 c5 3. e3 e6 4. Bd3 Nc6 5. c3 d5 6. Nbd2 Bd6 7. 0-0 0-0 8. e4 cxd4 9. cxd4 dxe4 10. Nxe4 Be7 11. Be3 Qa5 12. a3 Nxe4 13. Bxe4 Bd7 14. b4 Qb5 15. d5 exd5 16. Qxd5 Qxd5 17. Bxd5 a6 18. Rad1 Bf6 1/2-1/2

[Event "Oberliga Sued W 1819"]
[Site "Germany"]
[Date "2019.01.20"]
[Round "5.8"]
[White "Kertesz, Alfred"]
[Black "Musiolik, David"]
[Result "0-1"]
[WhiteElo "2242"]
[BlackElo "2057"]
[PlyCount "128"]
[EventDate "2018.10.21"]
[EventType "team-tourn"]
[EventRounds "9"]
[EventCountry "GER"]
[SourceTitle "EXT 2020"]
[Source "ChessBase"]
[SourceDate "2019.10.17"]
[SourceVersion "1"]
[SourceVersionDate "2019.10.17"]
[SourceQuality "1"]
[WhiteTeam "Heimbach Weis/Neuwied"]
[BlackTeam "Worms"]
[WhiteTeamCountry "GER"]
[BlackTeamCountry "GER"]

1. d4 d5 2. Nf3 Nf6 3. c4 e6 4. Nc3 Be7 5. Bf4 0-0 6. e3 c6 7. g4 Nxg4 8. Rg1 f5 9. h3 Nf6 10. Bh6 Ne8 11. Ne5 Nd7 12. Qh5 Nxe5 13. dxe5 Rf7 14. 0-0-0 g6 15. Bd3 Ng7 16. Qe2 Qc7 17. f4 a6 18. Bg5 b5 19. Bxe7 Qxe7 20. cxd5 exd5 21. Bc2 Bb7 22. h4 Qxh4 23. Rh1 Qe7 24. Qh2 Ne6 25. Rdg1 Nf8 26. Rg5 Bc8 27. Ne2 Rg7 28. Rhg1 Ne6 29. R5g3 c5 30. Qh6 Ra7 31. Rd1 Rd7 32. Rd2 Bb7 33. Rg1 Bc6 34. Rgd1 a5 35. Qh3 Qd8 36. a4 b4 37. e4 b3 38. Bxb3 c4 39. Bc2 dxe4 40. Rd6 Qe8 41. Qc3 Rc7 42. Kb1 Bxa4 43. Qxa5 Bc6 44. Qa6 Rge7 45. Qb6 Qc8 46. Nd4 Bd7 47. Ne2 Rb7 48. Qa5 Kg7 49. Qe1 Rf7 50. Qc3 Ra7 51. Nd4 Qa8 52. Kc1 Ra1+ 53. Kd2 Rxd1+ 54. Bxd1 Re7 55. Be2 Nxd4 56. Qxd4 Qa5+ 57. Ke3 Be8 58. Qxc4 Qe1 59. Re6 Qg3+ 60. Kd4 Qf2+ 61. Kc3 Qe3+ 62. Kb4 Rb7+ 63. Ka5 Bf7 64. Qa6 Qd2+ 0-1

[Event "SVR-ch MT-A"]
[Site "Heimbach Weis"]
[Date "2017.04.13"]
[Round "6"]
[White "Kertesz, Alfred"]
[Black "Buerger, Helmut1111"]
[Result "1-0"]
[WhiteElo "2259"]
[BlackElo "2053"]
[PlyCount "67"]
[EventDate "2017.04.07"]
[EventType "tourn"]
[EventRounds "9"]
[EventCountry "GER"]
[SourceTitle "EXT 2020"]
[Source "ChessBase"]
[SourceDate "2019.10.17"]
[SourceVersion "1"]
[SourceVersionDate "2019.10.17"]
[SourceQuality "1"]

1. d4 d5 2. c4 e6 3. Nc3 f5 4. Nf3 c6 5. Bf4 Nf6 6. e3 Bd6 7. Bd3 0-0 8. h3 Qc7 9. Bxd6 Qxd6 10. Qc2 Ne4 11. g4 Nd7 12. gxf5 exf5 13. cxd5 Nxc3 14. bxc3 cxd5 15. Rg1 Nf6 16. Ne5 Be6 17. f3 Rac8 18. Rc1 Rc7 19. Rg5 h6 20. Rg1 Qa3 21. Kd2 Rfc8 22. Qb3 Qd6 23. Qb1 Nd7 24. f4 Nf6 25. Qb4 Qd8 26. Rg6 a5 27. Qxa5 Ra8 28. Qb4 Rxa2+ 29. Rc2 Ra1 30. Rc1 Ra2+ 31. Rc2 Ra1 32. Qb6 Bf7 33. Rg2 Ne8 34. Qxh6 1-0

[Event "NATO-ch 20th"]
[Site "Hammelburg"]
[Date "2009.06.18"]
[Round "5"]
[White "Kertesz, Alfred"]
[Black "Mestek, Igor"]
[Result "1/2-1/2"]
[WhiteElo "2270"]
[BlackElo "2158"]
[PlyCount "89"]
[EventDate "2009.06.15"]
[EventType "swiss"]
[EventRounds "7"]
[EventCountry "GER"]
[SourceTitle "CBM 130 Extra"]
[Source "ChessBase"]
[SourceDate "2009.07.02"]
[SourceVersion "2"]
[SourceVersionDate "2009.07.15"]
[SourceQuality "1"]

1. d4 Nf6 2. c4 d6 3. Nc3 Nbd7 4. e4 e5 5. d5 c6 6. Bd3 Be7 7. h3 0-0 8. g4 Nc5 9. Bc2 a5 10. Be3 h6 11. Qd2 Nh7 12. Nf3 Ng5 13. Nxg5 Bxg5 14. Bxg5 Qxg5 15. Qxg5 hxg5 16. 0-0-0 Rd8 17. h4 Bxg4 18. Rde1 Bf3 19. Rh2 g4 20. Kd2 f6 21. Bd1 Kf7 22. Bxf3 gxf3 23. Re3 Rh8 24. Rxf3 Rh5 25. Rfh3 Rah8 26. Ke3 g5 27. f3 Rxh4 28. Rxh4 Rxh4 29. Rd2 Ke7 30. Rg2 Rh3 31. Nd1 Nd7 32. Nf2 Rh8 33. Rg1 Rh2 34. Rh1 Rxh1 35. Nxh1 Nb6 36. Kd3 Na4 37. b3 Nc5+ 38. Kd2 cxd5 39. cxd5 g4 40. fxg4 Nxe4+ 41. Kd3 Nc5+ 42. Kc4 Ne4 43. Kd3 Nc5+ 44. Kc4 Kd7 45. Ng3 1/2-1/2

[Event "NATO-ch 19th"]
[Site "Brussels"]
[Date "2008.08.08"]
[Round "7"]
[White "Kertesz, Alfred"]
[Black "Yeke, Serkan"]
[Result "0-1"]
[WhiteElo "2282"]
[BlackElo "2287"]
[PlyCount "76"]
[EventDate "2008.08.04"]
[EventType "swiss"]
[EventRounds "7"]
[EventCountry "BEL"]
[SourceTitle "EXT 2015"]
[Source "ChessBase"]
[SourceDate "2014.11.20"]
[SourceVersion "1"]
[SourceVersionDate "2014.11.20"]
[SourceQuality "1"]

1. d4 d5 2. Nf3 Nf6 3. c4 c6 4. Nc3 dxc4 5. a4 Bf5 6. e3 e6 7. Bxc4 Bb4 8. 0-0 Nbd7 9. Qb3 a5 10. Na2 Bd6 11. Bd3 Bxd3 12. Qxd3 0-0 13. Nc3 Qb8 14. Rd1 Rd8 15. h3 e5 16. Bd2 exd4 17. Nxd4 Ne5 18. Qe2 Bc5 19. Nb3 Bb4 20. Be1 Qc7 21. Rxd8+ Rxd8 22. Rd1 Rxd1 23. Qxd1 Qd7 24. Kf1 Qd3+ 25. Qe2 Qd6 26. Nd4 Ned7 27. Qc4 Nb6 28. Qb3 c5 29. Ncb5 Qd7 30. Bxb4 axb4 31. Nf3 Ne4 32. Qc2 Qd5 33. b3 c4 34. Nbd4 cxb3 35. Nxb3 Nc3 36. a5 Nc4 37. Nfd4 Nxa5 38. Nxa5 Qxa5 0-1

[Event "NATO-ch 19th"]
[Site "Brussels"]
[Date "2008.08.06"]
[Round "4"]
[White "Indbryn, Tommy"]
[Black "Kertesz, Alfred"]
[Result "1/2-1/2"]
[WhiteElo "2148"]
[BlackElo "2282"]
[PlyCount "24"]
[EventDate "2008.08.04"]
[EventType "swiss"]
[EventRounds "7"]
[EventCountry "BEL"]
[SourceTitle "EXT 2015"]
[Source "ChessBase"]
[SourceDate "2014.11.20"]
[SourceVersion "1"]
[SourceVersionDate "2014.11.20"]
[SourceQuality "1"]

1. c4 e5 2. Nc3 d6 3. g3 f5 4. Bg2 Nf6 5. e3 Be7 6. d4 c6 7. Nge2 0-0 8. 0-0 Qe8 9. c5 exd4 10. cxd6 dxc3 11. Qb3+ Kh8 12. dxe7 Qxe7 1/2-1/2

[Event "Koblenz-ch"]
[Site "Koblenz"]
[Date "2004.11.02"]
[Round "5"]
[White "Buzov, Boris"]
[Black "Kertesz, Alfred"]
[Result "1-0"]
[WhiteElo "2234"]
[BlackElo "2282"]
[PlyCount "120"]
[EventDate "2004.09.21"]
[EventType "swiss"]
[EventRounds "7"]
[EventCountry "GER"]
[SourceTitle "EXT 2005"]
[Source "ChessBase"]
[SourceDate "2004.11.15"]
[SourceVersion "1"]
[SourceVersionDate "2004.11.15"]
[SourceQuality "1"]

1. Nf3 Nf6 2. d3 c5 3. g3 Nc6 4. e4 g6 5. Bg2 Bg7 6. 0-0 d5 7. exd5 Nxd5 8. Re1 0-0 9. Nbd2 e5 10. Nc4 Re8 11. a4 f6 12. Nfd2 Be6 13. Ne4 Bf8 14. Bd2 h6 15. Ne3 f5 16. Nxd5 Bxd5 17. Nf6+ Qxf6 18. Bxd5+ Kh7 19. Bc3 Qd6 20. Bxc6 bxc6 21. b3 Qd5 22. Re2 Bd6 23. Re1 Re7 24. a5 a6 25. Ra4 Rae8 26. Rc4 e4 27. dxe4 Rxe4 28. Rcxe4 Rxe4 29. Rxe4 fxe4 30. Qe2 g5 31. h3 Kg6 32. Qxa6 Qd1+ 33. Qf1 Qxc2 34. Qc4 Qd1+ 35. Kg2 Qd5 36. a6 Bb8 37. Kf1 h5 38. Ke2 Kf5 39. Bd2 Ba7 40. Bc1 g4 41. h4 Ke6 42. Bg5 Kf5 43. Be3 Ke6 44. Qc3 Kf5 45. Kf1 Bb6 46. Kg2 Ke6 47. Kh2 Qe5 48. Qxe5+ Kxe5 49. b4 cxb4 50. Bxb6 b3 51. a7 b2 52. a8Q b1Q 53. Qe8+ Kd6 54. Be3 Qf1 55. Qxh5 c5 56. Qxc5+ Ke6 57. h5 Kf7 58. Qf5+ Ke8 59. h6 Ke7 60. Qxg4 Kd6 1-0

[Event "GER-ch Army 15th"]
[Site "Stadtallendorf"]
[Date "2004.??.??"]
[Round "1"]
[White "Huntemann, Herms"]
[Black "Kertesz, Alfred"]
[Result "0-1"]
[WhiteElo "1659"]
[BlackElo "2246"]
[PlyCount "68"]
[EventDate "2004.05.10"]
[EventType "swiss"]
[EventRounds "6"]
[EventCountry "GER"]
[SourceTitle "EXT 2006"]
[Source "ChessBase"]
[SourceDate "2005.11.24"]
[SourceVersion "1"]
[SourceVersionDate "2005.11.24"]
[SourceQuality "1"]

1. e4 c5 2. Nf3 Nc6 3. d4 cxd4 4. Nxd4 Nf6 5. Nc3 e5 6. Nxc6 bxc6 7. Bg5 h6 8. Bxf6 Qxf6 9. Bc4 Bc5 10. Qe2 0-0 11. Na4 Bb4+ 12. c3 Be7 13. Rd1 d6 14. Ba6 Qg6 15. 0-0 Bh3 16. f4 Bg4 17. Qe3 Bxd1 18. Rxd1 Qh5 19. Be2 exf4 20. Bxh5 fxe3 21. Rd3 Bg5 22. g3 Rae8 23. h4 Rxe4 24. hxg5 Rxa4 25. Rxe3 Rxa2 26. gxh6 Rxb2 27. h7+ Kxh7 28. Re7 g6 29. Bf3 d5 30. Rc7 Re8 31. Kf1 Re3 32. Rxf7+ Kg8 33. Rf6 Kg7 34. Rf4 Rxc3 0-1

[Event "GER-ch Army 15th"]
[Site "Stadtallendorf"]
[Date "2004.??.??"]
[Round "4"]
[White "Kertesz, Alfred"]
[Black "Hofstetter, Hans Joachim"]
[Result "1-0"]
[WhiteElo "2246"]
[BlackElo "2176"]
[PlyCount "139"]
[EventDate "2004.05.10"]
[EventType "swiss"]
[EventRounds "6"]
[EventCountry "GER"]
[SourceTitle "EXT 2006"]
[Source "ChessBase"]
[SourceDate "2005.11.24"]
[SourceVersion "1"]
[SourceVersionDate "2005.11.24"]
[SourceQuality "1"]

1. d4 Nf6 2. c4 e6 3. Nf3 c5 4. d5 exd5 5. cxd5 d6 6. Nc3 g6 7. Bf4 a6 8. a4 Bg7 9. h3 0-0 10. g4 Re8 11. Nd2 b6 12. Bg2 Ra7 13. Nc4 Bf8 14. Qd3 Rd7 15. Ra3 b5 16. axb5 axb5 17. Nxb5 Ba6 18. Ra5 Rb7 19. Rxa6 Nxa6 20. Nbxd6 Bxd6 21. Nxd6 Qa5+ 22. Qd2 Qxd2+ 23. Bxd2 Rxb2 24. Nxe8 Nxe8 25. Bf4 Rb1+ 26. Kd2 Rb2+ 27. Kc3 Rxe2 28. d6 Nb8 29. Rb1 Nd7 30. Bc6 Rxf2 31. Bxd7 Rf3+ 32. Kd2 Rxf4 33. Bxe8 Rd4+ 34. Ke3 Rxd6 35. Bb5 Kg7 36. Rc1 Rd5 37. Bc6 Re5+ 38. Kf4 f6 39. Rd1 c4 40. Rd7+ Kh8 41. Be4 Rc5 42. Rf7 c3 43. Bc2 f5 44. g5 Rc4+ 45. Ke5 Rc8 46. h4 Kg8 47. Rd7 Re8+ 48. Kd4 Rc8 49. Kd3 f4 50. Bb3+ Kh8 51. Rf7 f3 52. Rxf3 h6 53. Bc2 hxg5 54. hxg5 Rc5 55. Rg3 Kg7 56. Kd4 Ra5 57. Kxc3 Rc5+ 58. Kd3 Rd5+ 59. Ke4 Rc5 60. Bb3 Rf5 61. Be6 Ra5 62. Bd5 Ra4+ 63. Ke5 Ra1 64. Rb3 Re1+ 65. Be4 Re2 66. Rb7+ Kf8 67. Kf6 Rxe4 68. Rb8+ Re8 69. Rxe8+ Kxe8 70. Kxg6 1-0

[Event "Rheinland-ch MTA"]
[Site "Koblenz"]
[Date "2003.04.18"]
[Round "8"]
[White "Daumen, Michael"]
[Black "Kertesz, Alfred"]
[Result "1/2-1/2"]
[WhiteElo "2155"]
[BlackElo "2329"]
[PlyCount "95"]
[EventDate "2003.04.11"]
[EventType "tourn"]
[EventRounds "9"]
[EventCountry "GER"]
[SourceTitle "EXT 2004"]
[Source "ChessBase"]
[SourceDate "2003.11.25"]
[SourceVersion "1"]
[SourceVersionDate "2003.11.25"]
[SourceQuality "1"]

1. e4 c5 2. Nc3 Nc6 3. f4 d6 4. Nf3 a6 5. a4 Nf6 6. Bc4 Bg4 7. 0-0 e6 8. Be2 Be7 9. d3 Qc7 10. h3 Bxf3 11. Bxf3 Nd4 12. Be3 0-0 13. g4 Nd7 14. Bg2 Rfc8 15. Qd2 Rab8 16. f5 Ne5 17. Ne2 Nxe2+ 18. Qxe2 Qd8 19. Bf4 Nc6 20. Qf2 Bf6 21. Rab1 h6 22. Kh2 e5 23. Bg3 b5 24. axb5 axb5 25. Bf3 Nd4 26. Bd1 b4 27. Rg1 c4 28. h4 cxd3 29. cxd3 b3 30. Kh3 Be7 31. Qd2 Rc2 32. Qe3 Qb6 33. Bf2 Qc5 34. Rg2 f6 35. Qg3 Rc1 36. Rxc1 Qxc1 37. Bxd4 exd4 38. Qe1 Qf4 39. Qa5 Qe3+ 40. Rg3 Qc1 41. Qa7 Qxd1 42. Qxb8+ Kh7 43. Kh2 Qd2+ 44. Rg2 Qf4+ 45. Kg1 Qe3+ 46. Kh2 Qf4+ 47. Kg1 Qc1+ 48. Kh2 1/2-1/2

[Event "Rheinland-ch MTA"]
[Site "Koblenz"]
[Date "2003.04.13"]
[Round "5"]
[White "Kertesz, Alfred"]
[Black "Raach, Stephen"]
[Result "1-0"]
[WhiteElo "2329"]
[BlackElo "2134"]
[PlyCount "59"]
[EventDate "2003.04.11"]
[EventType "tourn"]
[EventRounds "9"]
[EventCountry "GER"]
[SourceTitle "EXT 2004"]
[Source "ChessBase"]
[SourceDate "2003.11.25"]
[SourceVersion "1"]
[SourceVersionDate "2003.11.25"]
[SourceQuality "1"]

1. d4 Nf6 2. c4 g6 3. Nc3 d5 4. Bg5 Ne4 5. Bh4 Nxc3 6. bxc3 Bg7 7. e3 c5 8. Nf3 Nc6 9. Rb1 a6 10. Qd2 0-0 11. cxd5 Qxd5 12. Be2 b5 13. Rc1 cxd4 14. cxd4 Bb7 15. Rc5 Qd7 16. 0-0 Rfc8 17. Bg3 e5 18. d5 Ne7 19. Rxc8+ Rxc8 20. e4 f5 21. Nxe5 Bxe5 22. Bxe5 fxe4 23. d6 Qe6 24. dxe7 Qxe5 25. Qd7 Qb8 26. Bg4 Re8 27. Rc1 h5 28. Be6+ Kg7 29. Rc7 Ba8 30. Qd6 1-0

[Event "Rheinland-ch MTA"]
[Site "Koblenz"]
[Date "2003.04.12"]
[Round "2"]
[White "Fink, Christian"]
[Black "Kertesz, Alfred"]
[Result "1/2-1/2"]
[WhiteElo "2099"]
[BlackElo "2329"]
[PlyCount "53"]
[EventDate "2003.04.11"]
[EventType "tourn"]
[EventRounds "9"]
[EventCountry "GER"]
[SourceTitle "EXT 2004"]
[Source "ChessBase"]
[SourceDate "2003.11.25"]
[SourceVersion "1"]
[SourceVersionDate "2003.11.25"]
[SourceQuality "1"]

1. e4 e6 2. d4 d5 3. e5 c5 4. c3 Nc6 5. Nf3 Qb6 6. a3 Bd7 7. b4 cxd4 8. cxd4 Nge7 9. Be3 Nf5 10. Nc3 Nxb4 11. Rb1 Qc7 12. Qb3 Rc8 13. axb4 Qxc3+ 14. Qxc3 Rxc3 15. Bd2 Rc7 16. b5 Be7 17. Bd3 g5 18. g4 Nh4 19. Nxh4 gxh4 20. h3 f6 21. Bf4 Rc8 22. Kd2 0-0 23. Ke3 Rc3 24. Rhc1 Rfc8 25. Rxc3 Rxc3 26. Kd2 Ra3 27. Rc1 1/2-1/2

[Event "BL2-West 0203"]
[Site "Germany"]
[Date "2003.02.23"]
[Round "7.4"]
[White "Kertesz, Alfred"]
[Black "Grooten, Herman"]
[Result "1-0"]
[WhiteElo "2329"]
[BlackElo "2379"]
[PlyCount "125"]
[EventDate "2002.10.20"]
[EventType "team-tourn"]
[EventRounds "9"]
[EventCountry "GER"]
[SourceTitle "EXT 2004"]
[Source "ChessBase"]
[SourceDate "2003.11.25"]
[SourceVersion "1"]
[SourceVersionDate "2003.11.25"]
[SourceQuality "1"]
[WhiteTeam "Remagen"]
[BlackTeam "Koeln Porz II"]
[WhiteTeamCountry "GER"]
[BlackTeamCountry "GER"]

1. d4 Nf6 2. c4 e6 3. Nf3 b6 4. g3 Ba6 5. b3 Bb4+ 6. Bd2 Be7 7. Bg2 d5 8. Bg5 0-0 9. Nbd2 Bb7 10. 0-0 Na6 11. h3 h6 12. Be3 c5 13. Ne5 Rc8 14. Qb1 Qc7 15. Qb2 dxc4 16. bxc4 Bxg2 17. Kxg2 Qb7+ 18. Kh2 Rfd8 19. Rfd1 cxd4 20. Bxd4 Ba3 21. Qxa3 Rxd4 22. Ndf3 Rxd1 23. Rxd1 Nc5 24. Rd4 Nfe4 25. Qe3 f6 26. Nd7 e5 27. Rd5 Qa6 28. Nxc5 Nxc5 29. Nd2 Qxa2 30. f4 exf4 31. gxf4 Qa4 32. Qd4 Qe8 33. e4 Kh7 34. e5 f5 35. Rd6 Qh5 36. Qe3 Re8 37. Qf3 Qh4 38. Qg3 Qxg3+ 39. Kxg3 g5 40. Rc6 Nd3 41. fxg5 f4+ 42. Kh4 Nxe5 43. Rxh6+ Kg7 44. Ne4 Ng6+ 45. Kh5 Re6 46. Nf6 Nf8 47. Kg4 Re1 48. Nh5+ Kg8 49. Nxf4 Rc1 50. Rc6 a5 51. Rxb6 Rxc4 52. Ra6 a4 53. h4 Nd7 54. h5 Nc5 55. Ra8+ Kf7 56. Ra7+ Kg8 57. Kf5 Rb4 58. Nd5 Rb7 59. Nf6+ Kf7 60. g6+ Kg7 61. Rxb7+ Nxb7 62. Kg5 Kf8 63. h6 1-0

[Event "BL2-West 0203"]
[Site "Germany"]
[Date "2003.01.13"]
[Round "4.5"]
[White "Kertesz, Alfred"]
[Black "Vink, Nico"]
[Result "1/2-1/2"]
[WhiteElo "2329"]
[BlackElo "2310"]
[PlyCount "29"]
[EventDate "2002.10.20"]
[EventType "team-tourn"]
[EventRounds "9"]
[EventCountry "GER"]
[SourceTitle "EXT 2004"]
[Source "ChessBase"]
[SourceDate "2003.11.25"]
[SourceVersion "1"]
[SourceVersionDate "2003.11.25"]
[SourceQuality "1"]
[WhiteTeam "Remagen"]
[BlackTeam "Betzdorf Kirchen"]
[WhiteTeamCountry "GER"]
[BlackTeamCountry "GER"]

1. d4 Nf6 2. c4 e6 3. g3 d5 4. Nf3 Nbd7 5. Nc3 c6 6. cxd5 exd5 7. Qc2 Bd6 8. Bf4 Qe7 9. Bxd6 Qxd6 10. Bg2 0-0 11. 0-0 Re8 12. Rad1 g6 13. Rfe1 Nf8 14. Nh4 Ne6 15. Qd2 1/2-1/2

[Event "BL2-West 0203"]
[Site "Germany"]
[Date "2002.10.20"]
[Round "1.5"]
[White "Kipper, Jens"]
[Black "Kertesz, Alfred"]
[Result "1-0"]
[WhiteElo "2307"]
[BlackElo "2329"]
[PlyCount "65"]
[EventDate "2002.10.20"]
[EventType "team-tourn"]
[EventRounds "9"]
[EventCountry "GER"]
[SourceTitle "EXT 2004"]
[Source "ChessBase"]
[SourceDate "2003.11.25"]
[SourceVersion "1"]
[SourceVersionDate "2003.11.25"]
[SourceQuality "1"]
[WhiteTeam "Andernach"]
[BlackTeam "Remagen"]
[WhiteTeamCountry "GER"]
[BlackTeamCountry "GER"]

1. Nf3 c5 2. c4 Nf6 3. Nc3 Nc6 4. d4 cxd4 5. Nxd4 e6 6. g3 Qb6 7. Nb3 Ne5 8. e4 Bb4 9. Qe2 Qc6 10. Bd2 b6 11. f4 Ng6 12. Bg2 Bb7 13. Nd4 Qc8 14. e5 Ng4 15. Ne4 Bxd2+ 16. Kxd2 Bxe4 17. Bxe4 Qc5 18. Nb5 d5 19. exd6 Rd8 20. Bxg6 hxg6 21. Qxg4 Qb4+ 22. Kc2 Qxc4+ 23. Nc3 Rxd6 24. Qe2 Qc7 25. Rad1 Ke7 26. Kb1 Rh5 27. Rxd6 Qxd6 28. Rd1 Qc6 29. Qd2 Qc7 30. h4 a6 31. Qd4 f6 32. Qb4+ Qc5 33. Qa4 1-0

[Event "Heimbach Weis op"]
[Site "Heimbach Weis"]
[Date "2002.03.25"]
[Round "4"]
[White "Kertesz, Alfred"]
[Black "Goetz, Heiko"]
[Result "1-0"]
[WhiteElo "2316"]
[BlackElo "2126"]
[PlyCount "69"]
[EventDate "2002.03.22"]
[EventType "swiss"]
[EventRounds "9"]
[EventCountry "GER"]
[SourceTitle "EXT 2007"]
[Source "ChessBase"]
[SourceDate "2006.11.23"]
[SourceVersion "1"]
[SourceVersionDate "2006.11.23"]
[SourceQuality "1"]

1. d4 d5 2. Nf3 Nf6 3. c4 dxc4 4. Nc3 c5 5. d5 e6 6. e4 exd5 7. exd5 a6 8. a4 Bd6 9. Bxc4 0-0 10. 0-0 b6 11. Bg5 Re8 12. Qd3 h6 13. Bh4 Nbd7 14. Rfe1 Ne5 15. Nxe5 Bxe5 16. Bg3 Nd7 17. d6 Bb7 18. Qf5 Bf6 19. Nd5 Bxd5 20. Qxd5 Rf8 21. Rad1 Ra7 22. Re2 Bd4 23. Re7 Nf6 24. Qxf7+ Rxf7 25. Bxf7+ Kh7 26. Rxa7 Ne4 27. Ba2 Nxg3 28. Bb1+ Kg8 29. hxg3 Qxd6 30. Re1 Kf8 31. Ra8+ Kf7 32. Ba2+ Kf6 33. Re6+ Qxe6 34. Bxe6 Kxe6 35. Rxa6 1-0

[Event "Heimbach Weis op"]
[Site "Heimbach Weis"]
[Date "2002.03.22"]
[Round "1"]
[White "Kertesz, Alfred"]
[Black "Peiter, Andre"]
[Result "1-0"]
[WhiteElo "2316"]
[BlackElo "2063"]
[PlyCount "83"]
[EventDate "2002.03.22"]
[EventType "swiss"]
[EventRounds "9"]
[EventCountry "GER"]
[SourceTitle "EXT 2007"]
[Source "ChessBase"]
[SourceDate "2006.11.23"]
[SourceVersion "1"]
[SourceVersionDate "2006.11.23"]
[SourceQuality "1"]

1. d4 e6 2. c4 f5 3. Nc3 Nf6 4. g3 Bb4 5. Bg2 0-0 6. Qb3 a5 7. Bd2 d6 8. Nf3 Nbd7 9. a3 Bxc3 10. Bxc3 Qe7 11. 0-0 Ne4 12. Be1 b6 13. Nd2 Bb7 14. Nxe4 Bxe4 15. f3 Bb7 16. e3 g5 17. Bd2 Nf6 18. e4 fxe4 19. Bxg5 Qg7 20. Qe3 exf3 21. Bxf3 Bxf3 22. Rxf3 Nd7 23. Qxe6+ Kh8 24. Rxf8+ Rxf8 25. Be3 Rf6 26. Qe4 Qf7 27. d5 Kg8 28. Bd4 Rf5 29. Qg4+ Kf8 30. Qxf5 Qxf5 31. Rf1 Qxf1+ 32. Kxf1 Kf7 33. Ke2 Kg6 34. Kf3 Kf5 35. g4+ Kg5 36. Kg3 a4 37. h4+ Kg6 38. Kf4 Nb8 39. h5+ Kf7 40. Kf5 Nd7 41. g5 Nf8 42. Bf6 1-0

[Event "Oberliga Sued W 0102"]
[Site "Germany"]
[Date "2001.10.21"]
[Round "?"]
[White "Kolbus, Dietmar"]
[Black "Kertesz, Alfred"]
[Result "1/2-1/2"]
[WhiteElo "2310"]
[BlackElo "2330"]
[PlyCount "113"]
[EventDate "2001.10.09"]
[EventType "team"]
[EventRounds "9"]
[EventCountry "GER"]
[SourceTitle "EXT 2003"]
[Source "ChessBase"]
[SourceDate "2002.11.25"]
[SourceVersion "1"]
[SourceVersionDate "2002.11.25"]
[SourceQuality "1"]

1. c4 e5 2. Nc3 d6 3. g3 f5 4. d4 Nc6 5. d5 Nce7 6. Bg2 Nf6 7. Bg5 Ng6 8. e4 Be7 9. exf5 Bxf5 10. Bxf6 gxf6 11. Qh5 Qc8 12. Bh3 Bd7 13. Bxd7+ Qxd7 14. Nge2 f5 15. f4 0-0 16. 0-0 Rf7 17. Rad1 a6 18. a4 Re8 19. Kh1 Bf8 20. fxe5 Rxe5 21. Qh3 c5 22. Nf4 Nxf4 23. Rxf4 Bg7 24. Rdf1 Qe7 25. Qh5 Re1 26. Kg2 Rxf1 27. Kxf1 Qe3 28. Qf3 Qc1+ 29. Qd1 Qxb2 30. Ne2 Re7 31. Qd3 Re5 32. Rf2 Re4 33. Rf4 Re5 34. Rf2 Re4 35. Rf4 Qe5 36. Qf3 Qa1+ 37. Kf2 Qxa4 38. Rxe4 fxe4 39. Qxe4 Qd7 40. Nf4 b5 41. Ne6 b4 42. Ke2 a5 43. Qf4 Qe7 44. Kd3 h5 45. Qf5 Qf7 46. Qg5 Qf6 47. Qxh5 Qc3+ 48. Ke2 Qxc4+ 49. Kf2 Qc2+ 50. Kg1 Qc1+ 51. Kg2 Qb2+ 52. Kh3 Qf6 53. Kg2 Qb2+ 54. Kh3 Qf6 55. Kg2 Qf7 56. Qg5 Qf6 57. Qh5 1/2-1/2

[Event "Koblenz-ch"]
[Site "Koblenz"]
[Date "1999.10.19"]
[Round "4"]
[White "Specht, Oliver"]
[Black "Kertesz, Alfred"]
[Result "0-1"]
[WhiteElo "2005"]
[BlackElo "2335"]
[PlyCount "98"]
[EventDate "1999.08.31"]
[EventType "swiss"]
[EventRounds "7"]
[EventCountry "GER"]
[SourceTitle "EXT 2005"]
[Source "ChessBase"]
[SourceDate "2004.11.15"]
[SourceVersion "1"]
[SourceVersionDate "2004.11.15"]
[SourceQuality "1"]

1. Nf3 Nf6 2. g3 c5 3. d3 Nc6 4. c3 e5 5. Qc2 d5 6. e4 Be7 7. Nbd2 0-0 8. Bg2 b6 9. 0-0 dxe4 10. dxe4 Ba6 11. Re1 Bd3 12. Qd1 Qc7 13. Bf1 Rfd8 14. Bxd3 Rxd3 15. Qc2 Rad8 16. Kg2 h6 17. Nf1 c4 18. Qa4 Na5 19. Qb5 Bc5 20. Be3 Nxe4 21. Bxc5 Nxc5 22. Nxe5 R3d5 23. Nf3 Nd3 24. Qa4 b5 25. Qc2 Nxe1+ 26. Rxe1 Nc6 27. Qe4 R5d6 28. Qf5 Qb7 29. Kg1 Rf6 30. Qg4 Nb4 31. Nd4 Nd3 32. Re2 g6 33. Nd2 Qd7 34. Qh4 Kg7 35. Ne4 Rb6 36. f4 b4 37. f5 gxf5 38. Nxf5+ Qxf5 39. Qxd8 bxc3 40. Qd4+ Qe5 41. Qxe5+ Nxe5 42. bxc3 Rb1+ 43. Kf2 f5 44. Nc5 Ng4+ 45. Kf3 Rf1+ 46. Kg2 Rc1 47. Na4 Kf6 48. Rd2 Ke5 49. Kf3 Nf6 0-1